000 00308nam a22001337a 4500
008 170308b xxu||||| |||| 00| 0 eng d
020 _a9780443045677
041 _aeng
080 _22ND
_a611
100 _a6
101 _aSHM
245 _aTHE ARTERIAL ANATOMY OF SKIN FLAPS
_cCORMACK, G.C
942 _2udc
_cBK
999 _c7213
_d7213